La carrière de Maicon - Statistiques

Statistiques générales
  • Ce quiz a été pris 8 fois
  • Le résultat moyen est 3 sur 10
Statistiques - réponses
Année Match Club % Correct
2006 - 2012 248 Inter Milan
100%
2013 - 2016 69 AS Rome
63%
2004 - 2006 82 AS Monaco
38%
2012 - 2013 13 Manchester City
38%
2001 - 2004 84 Cruzeiro EC
25%
2021 17 ASD Sona
0%
2016 - 2017 9 Avaí FC
0%
2018 - 2019 30 Criciúma EC
0%
2021 2 SP Tre Penne
0%
2020 - 2021 8 Villa Nova AC
0%
Aucun quiz correspondant
Distribution des résultats
% des personnes avec chaque résultat
Percentile par nombre de réponses
Votre historique - résultats
Vous n’avez pas pris ce quiz